Cirujano del aire (Record no. 144794)

MARC details
000 -LEADER
campo de control de longitud fija 00532nam a2200169 4500
001 - NÚMERO DE CONTROL
campo de control 144794
003 - IDENTIFICADOR DE NÚMERO DE CONTROL
campo de control ES-MaACL
007 - CAMPO FIJO DE DESCRIPCIÓN FÍSICA--INFORMACIÓN GENERAL
campo de control de longitud fija t|
008 - DATOS DE LONGITUD FIJA--INFORMACIÓN GENERAL
campo de control de longitud fija 070214s1953 sp r ||||1| spa d
100 1# - ENTRADA PRINCIPAL--NOMBRE DE PERSONA
Nombre de persona Slaughter, Frank G.
9 (RLIN) 106773
245 10 - MENCIÓN DEL TÍTULO
Título Cirujano del aire
Resto del título : novela /
Mención de responsabilidad, etc. Frank G. Slaughter ; [traducción del inglés por Eliseo Rodríguez].
250 ## - MENCION DE EDICION
Mención de edición 1ª ed.
260 ## - PUBLICACIÓN, DISTRIBUCIÓN, ETC.
Lugar de publicación, distribución, etc. Barcelona :
Nombre del editor, distribuidor, etc. Planeta,
Fecha de publicación, distribución, etc. 1953 (
Fabricante Grafiemsa)
300 ## - DESCRIPCIÓN FÍSICA
Extensión 368 p. ;
Dimensiones 19 cm.
700 1# - ENTRADA AGREGADA--NOMBRE PERSONAL
Nombre de persona Rodríguez, Eliseo.
9 (RLIN) 98230
852 ## - LOCALIZACIÓN
Ubicación ES-MaACL
Número de control de estantería C-6334
Sublocalización o colección R.35288
Holdings
Estatus retirado Estado de pérdida Estado de daño No para préstamo Biblioteca de origen Biblioteca actual Ubicación en estantería Fecha de adquisición Fuente de adquisición Total de préstamos Signatura topográfica completa Código de barras Visto por última vez Precio de reemplazo Tipo de ítem Koha
        Biblioteca del Ateneo de Madrid Biblioteca del Ateneo de Madrid Sala Palomar 17/01/2008     C-6334 1151022 23/02/2023 23/02/2023 Libro impreso